Deciding who decides (Record no. 65687)

MARC details
000 -LEADER
fixed length control field 01107cam a2200217 4500
001 - CONTROL NUMBER
control field ABS63339
008 - FIXED-LENGTH DATA ELEMENTS--GENERAL INFORMATION
fixed length control field 000000n2000 000 0 eng u
035 ## - SYSTEM CONTROL NUMBER
System control number (Sirsi) u110151
100 ## - MAIN ENTRY--PERSONAL NAME
Personal name Manns, S
245 ## - TITLE STATEMENT
Title Deciding who decides
260 ## - PUBLICATION, DISTRIBUTION, ETC.
Date of publication, distribution, etc. 2000
490 ## - SERIES STATEMENT
Series statement Planning (for the Natural and Built Environment)
Volume/sequential designation (1398) 8 December 2000, 13(1)
520 ## - SUMMARY, ETC.
Summary, etc. Looks at the development towards delegating decisions to planning officers in an attempt to speed up the planning process and whether it actually works. Government seeks to ensure that the planning system encourages participation, openness and fairness whilst delivering fast, efficient, quality planning service. Concludes that evidence points to the fact that delegation may be working against government intentions in this area and that arguments in support of delegation are not being borne out by fact.
590 ## - LOCAL NOTE (RLIN)
Local note ABS
650 ## - SUBJECT ADDED ENTRY--TOPICAL TERM
Topical term or geographic name entry element DELEGATION
650 ## - SUBJECT ADDED ENTRY--TOPICAL TERM
Topical term or geographic name entry element PLANNING PROCESS
650 ## - SUBJECT ADDED ENTRY--TOPICAL TERM
Topical term or geographic name entry element GOVERNMENT POLICY
650 ## - SUBJECT ADDED ENTRY--TOPICAL TERM
Topical term or geographic name entry element LOCAL AUTHORITIES
690 ## - LOCAL SUBJECT ADDED ENTRY--TOPICAL TERM (OCLC, RLIN)
Topical term or geographic name as entry element ENVIRONMENTAL AND LAND CONSULTANCY-PLANNING AND DEVELOPMENT
942 ## - ADDED ENTRY ELEMENTS (KOHA)
Suppress in OPAC 0
Holdings
Withdrawn status Lost status Source of classification or shelving scheme Damaged status Not for loan Home library Current library Shelving location Date acquired Total Checkouts Full call number Barcode Date last seen Copy number Price effective from Koha item type
    Dewey Decimal Classification     London London Journal article 04/01/2001   ABS63339 110151-1001 06/08/2019 1 06/08/2019 Journal article